000 00316nam a22001337a 4500
008 180316b xxu||||| |||| 00| 0 eng d
020 _a9780321163370
041 _aeng
080 _26th
_a82
100 _a21
101 _aGJL
245 _aWriting arguments a rhetoric with readings
_cRamage,J.D
942 _2udc
_cBK
999 _c45254
_d45254